000 00597nam a22002297a 4500
003 UA-OsUOA
001 92214
007 ta
008 20121211b un ||||| |||| 00| 0 ukr d
100 _aАрдаматский В.
090 _a821.161.1
_bА79
942 _cBK
040 _aUA-OsUOA
_brus
_cUA-OsUOA
_dUA-OsUOA
245 _aПеред штормом
_bроман-хроника
300 _a302 с.
955 _a3
041 _arus
080 _a821.161.1
260 _aМ.
_c1989
650 7 _a82 Література. Літературознавство
_2UDC
999 _c378439
_d378439